00840nam a2200217 a 450000100100000000500170001000800410002704000250006808200200009310000270011324500410014026000350018130000210021659000260023765000280026365000310029191000420032295201180036495201230048299900170060500001193820240412074229.0091102s1996 dr r 000 p spa d aDO-SdBNPbspacBNPHU aRD861.44bM539m1 aMendoza, Rafael92821710aMemorias del amor /cRafael Mendoza. aSanto Domingo :bBetel,c1996. a165 p. ;c20 cm. aInventariado, 2018/BT 0aPoesía dominicana966 0aLiteratura dominicana.967 aValidado. Control de calidad. MMOLINA 0010718PDaPDbPDcHDd2009-11-02iLF1l0oRD861.44 M539mp11938-10r2020-06-25w2020-06-25yLFPDZNo se presta 0010718PDaPDbPDcHDd2009-11-02iLF1l0oRD861.44 M539mp11938-20r2020-06-25te.2w2020-06-25yLFPDZNo se presta c11608d11608